Countries in the 2015 Cricket World Cup - Statistics

General Stats
  • This quiz has been taken 365 times
  • The average score is 12 of 14
Answer Stats
Answer % Correct
India
98%
Australia
97%
Pakistan
95%
England
94%
New Zealand
94%
South Africa
89%
Bangladesh
86%
Sri Lanka
86%
Ireland
84%
West Indies
79%
Afghanistan
73%
Scotland
73%
Zimbabwe
69%
United Arab Emirates
53%
No matching quizzes found
Score Distribution
Percent of People with Each Score
Percentile by Number Answered
Your Score History
You have not taken this quiz